Normal view
MARC view
- SECURITY SYSTEMS-ELECTORNIC SECURITY SYSTEMS DEVICES
Entry Topical Term
001 - CONTROL NUMBER
- control field: 58410
003 - CONTROL NUMBER IDENTIFIER
- control field: NUST
005 - DATE AND TIME OF LATEST TRANSACTION
- control field: 20210628202133.0
008 - FIXED-LENGTH DATA ELEMENTS
- fixed length control field: 210628|| aca||aabn | a|a d
040 ## - CATALOGING SOURCE
- Original cataloging agency: NUST
- Transcribing agency: NUST
150 ## - HEADING--TOPICAL TERM
- Topical term or geographic name entry element: SECURITY SYSTEMS-ELECTORNIC SECURITY SYSTEMS DEVICES
670 ## - SOURCE DATA FOUND
- Source citation: Work cat.: (NUST): Honey, Gerard 58392, Electornic security systems, pocket book, 1999
